[Event "Rishon Le Ziyyon-ch U18"]
[Site "Rishon Le Ziyyon"]
[Date "2023.04.02"]
[Round "6"]
[White "Eshkol, Lilian"]
[Black "Moscovitch, Michal"]
[Result "0-1"]
[WhiteElo "1384"]
[BlackElo "1506"]
[PlyCount "56"]
[EventDate "2023.03.28"]
[EventType "swiss"]
[EventRounds "9"]
[EventCountry "ISR"]
[SourceTitle "CBM 213 Extra"]
[Source "ChessBase"]
[SourceDate "2023.05.31"]
[SourceVersion "1"]
[SourceVersionDate "2023.05.31"]
[SourceQuality "1"]

1. e4 c5 2. Nf3 Nc6 3. Nc3 Nf6 4. Bb5 a6 5. Bxc6 bxc6 6. d4 cxd4 7. Qxd4 d5 8. e5 Nd7 9. Na4 e6 10. 0-0 c5 11. Qg4 Bb7 12. Bg5 Qc7 13. Rfe1 h6 14. Bh4 d4 15. b3 g5 16. Bg3 Be7 17. Qh5 Nf8 18. Nb2 Ng6 19. Nc4 0-0-0 20. Nfd2 Bd5 21. Ne4 Qc6 22. Ned6+ Bxd6 23. Nxd6+ Rxd6 24. exd6 Bxg2 25. Qe2 Rg8 26. f3 Bxf3 27. Qd2 Nf4 28. a4 Bg2 0-1

[Event "ISR-chT U14"]
[Site "Afula"]
[Date "2022.08.23"]
[Round "7"]
[White "Gilor, Amit"]
[Black "Eshkol, Lilian"]
[Result "1/2-1/2"]
[WhiteElo "1573"]
[BlackElo "1508"]
[PlyCount "82"]
[EventDate "2022.08.21"]
[EventType "team-tourn"]
[EventRounds "9"]
[EventCountry "ISR"]
[SourceTitle "CBM 210 Extra"]
[Source "ChessBase"]
[SourceDate "2022.11.30"]
[SourceVersion "1"]
[SourceVersionDate "2022.11.30"]
[SourceQuality "1"]

1. e4 e5 2. Nf3 Nc6 3. Nc3 Nf6 4. Bb5 Bb4 5. 0-0 0-0 6. d3 d6 7. Bg5 Be6 8. Ne2 h6 9. Bh4 a6 10. Bxc6 bxc6 11. Ng3 Bg4 12. c3 Bc5 13. b4 Bb6 14. Qc1 Bxf3 15. gxf3 d5 16. Nf5 Kh7 17. Kh1 Rg8 18. Rg1 g5 19. Nxh6 gxh4 20. Nxg8 Nxg8 21. Qf1 Qf6 22. Qh3 Nh6 23. Rg2 Rg8 24. Rag1 Rxg2 25. Qxg2 Qg6 26. Qh3 Qf6 27. Rg2 Qf4 28. c4 dxc4 29. dxc4 c5 30. a3 cxb4 31. axb4 c5 32. bxc5 Bxc5 33. Rg1 Bxf2 34. Rf1 Bd4 35. Qg2 a5 36. Qa2 Bb6 37. Qc2 Bc5 38. Qa2 Bb6 39. Qc2 Bc5 40. Qa2 Bb6 41. Qc2 Bc5 1/2-1/2

[Event "ISR-chT (Women)"]
[Site "Tel Aviv"]
[Date "2021.10.30"]
[Round "5.17"]
[White "Botvinnik, Irina"]
[Black "Eshkol, Lilian"]
[Result "1-0"]
[WhiteElo "2218"]
[BlackElo "1528"]
[PlyCount "97"]
[EventDate "2021.10.28"]
[EventType "team-swiss"]
[EventRounds "5"]
[EventCountry "ISR"]
[SourceTitle "CBM 204 Extra"]
[Source "ChessBase"]
[SourceDate "2021.11.30"]
[SourceVersion "1"]
[SourceVersionDate "2021.11.30"]
[SourceQuality "1"]
[WhiteTeam "Kfar Saba (W)"]
[BlackTeam "Kiryat Ono (W)"]
[WhiteTeamCountry "ISR"]
[BlackTeamCountry "ISR"]

1. c4 e5 2. Nc3 Nf6 3. e3 c6 4. d3 d5 5. Bd2 Be7 6. Qc2 0-0 7. Nf3 Qc7 8. Rc1 Na6 9. a3 Bg4 10. Be2 Rfe8 11. h3 Bf5 12. g4 e4 13. gxf5 exf3 14. Bxf3 d4 15. Ne2 dxe3 16. fxe3 Rad8 17. d4 c5 18. d5 Qe5 19. Kf2 Bd6 20. Qd3 Qe7 21. Ke1 Nd7 22. h4 Ne5 23. Qe4 Nxf3+ 24. Qxf3 Qe5 25. Rg1 Qh2 26. Qg4 Bf8 27. Nf4 Re4 28. Rg2 h5 29. Qg5 Qxf4 30. Qxf4 Rxf4 31. exf4 Re8+ 32. Kf2 Re4 33. Kf3 Rd4 34. b3 Rd3+ 35. Ke4 Rxb3 36. f6 g6 37. f5 Rxa3 38. Bc3 Nb4 39. Bxb4 cxb4 40. c5 b3 41. d6 Ra4+ 42. Kd5 b2 43. Rxb2 Ra3 44. Rxb7 Rd3+ 45. Kc6 a5 46. fxg6 fxg6 47. Re1 a4 48. Re8 a3 49. Rg7+ 1-0

[Event "EU-ch Hybrid U12 Girls"]
[Site "Tornelo INT"]
[Date "2021.10.15"]
[Round "6"]
[White "Horvathova, Hana"]
[Black "Eshkol, Lilian"]
[Result "1/2-1/2"]
[WhiteElo "1333"]
[BlackElo "1528"]
[PlyCount "79"]
[EventDate "2021.10.15"]
[EventType "swiss"]
[EventRounds "9"]
[EventCountry "NET"]
[SourceTitle "EXT 2023"]
[Source "ChessBase"]
[SourceDate "2022.10.05"]
[SourceVersion "1"]
[SourceVersionDate "2022.10.05"]
[SourceQuality "1"]
[WhiteTeam "Slovakia"]
[BlackTeam "Israel"]
[WhiteTeamCountry "SVK"]
[BlackTeamCountry "ISR"]

1. e4 e5 2. Nf3 Nc6 3. Bb5 a6 4. Ba4 Nf6 5. 0-0 Nxe4 6. Re1 Nc5 7. Bxc6 dxc6 8. Nxe5 Be7 9. d3 0-0 10. Nf3 Bg4 11. Be3 Ne6 12. h3 Bh5 13. Nbd2 Qd5 14. Ne4 Rad8 15. Qe2 Rfe8 16. Qd1 c5 17. Nc3 Qd6 18. Ne4 Qd5 19. Nc3 Qd6 20. Ne4 Qb6 21. Rb1 Qb5 22. Ng3 Bg6 23. Ne5 Bd6 24. Nxg6 Bxg3 25. fxg3 hxg6 26. Qf3 c4 27. dxc4 Qxc4 28. Qxb7 Qxc2 29. Qf3 Rb8 30. Qf2 Qa4 31. a3 Red8 32. Bf4 Nxf4 33. Qxf4 Qxf4 34. gxf4 Rd2 35. b4 Rd3 36. Ra1 Kf8 37. Kf2 Rbd8 38. Rec1 Rd2+ 39. Kg3 R8d3+ 40. Kh2 1/2-1/2

[Event "EU-ch Hybrid U12 Girls"]
[Site "Tornelo INT"]
[Date "2021.10.15"]
[Round "4"]
[White "Huseynova, Lala"]
[Black "Eshkol, Lilian"]
[Result "1-0"]
[WhiteElo "1475"]
[BlackElo "1528"]
[PlyCount "159"]
[EventDate "2021.10.15"]
[EventType "swiss"]
[EventRounds "9"]
[EventCountry "NET"]
[SourceTitle "EXT 2023"]
[Source "ChessBase"]
[SourceDate "2022.10.05"]
[SourceVersion "1"]
[SourceVersionDate "2022.10.05"]
[SourceQuality "1"]
[WhiteTeam "Azerbaijan"]
[BlackTeam "Israel"]
[WhiteTeamCountry "AZE"]
[BlackTeamCountry "ISR"]

1. e4 e5 2. Nf3 Nc6 3. Bc4 Bc5 4. c3 Nf6 5. d3 d6 6. 0-0 0-0 7. Bg5 Bg4 8. h3 Bh5 9. Nbd2 h6 10. Bh4 Bb6 11. Re1 Re8 12. Nf1 a6 13. a4 Qe7 14. Ng3 Bg6 15. Nh2 h5 16. Nhf1 Nd8 17. Ne3 Bxe3 18. Rxe3 Ne6 19. Bxe6 Qxe6 20. Bxf6 Qxf6 21. Nxh5 Qg5 22. Ng3 Re6 23. Qb3 Rb8 24. Rf3 Rf6 25. Rxf6 Qxf6 26. Re1 Qf4 27. Re3 Qg5 28. Qd5 Qf4 29. Ne2 Qf6 30. a5 Kf8 31. Ng3 Qg5 32. d4 Qe7 33. dxe5 dxe5 34. Rd3 Ke8 35. f3 Rd8 36. Qxd8+ Qxd8 37. Rxd8+ Kxd8 38. Kf2 Kd7 39. Ke3 Kc6 40. Kd3 Kb5 41. b4 c5 42. bxc5 Kxc5 43. Nf1 Kb5 44. Ne3 f6 45. Nc4 Kc5 46. Na3 Be8 47. g3 Bd7 48. h4 Bh3 49. Ke2 Be6 50. g4 Bd7 51. g5 fxg5 52. hxg5 g6 53. Ke3 Be6 54. f4 Kd6 55. fxe5+ Kxe5 56. Nc2 Bd7 57. Nd4 Bh3 58. Nf3+ Kd6 59. Kd4 Bg4 60. Ne5 Bh5 61. c4 Ke6 62. Nd3 Kd6 63. Nf4 Bd1 64. Nxg6 Bh5 65. Ne5 Ke6 66. g6 Kf6 67. Nd7+ Ke7 68. g7 Bf7 69. Nc5 Kf6 70. Nxb7 Kxg7 71. Nc5 Kf6 72. Nxa6 Ke6 73. Kc5 Kd7 74. e5 Be6 75. Nb4 Kc7 76. a6 Bf7 77. Nd5+ Kc8 78. Kb6 Kb8 79. a7+ Ka8 80. Nc7# 1-0